| 000 | 03058nam a2200301 a 4500 | ||
|---|---|---|---|
| 003 | OSt | ||
| 005 | 20240905104928.0 | ||
| 007 | cr ||||||a|c|a | ||
| 008 | 230517s2019 mx a|||fom||| 001 0 sp d | ||
| 040 | _erda | ||
| 100 | 1 |
_9187059 _aEscobedo Barajas, Julieta |
|
| 245 | 1 | 3 |
_aLa experiencia de la casa de la mujer indígena Juchari Kumanchikua de Pátzcuaro, Michoacán : _buna política pública de desarrollo / _cJulieta Escobedo Barajas; director de tesis Miriam Aidé Núñez Vera |
| 264 | 1 |
_aChapingo, México : _bEl autor, _c2019. |
|
| 300 |
_a1 recurso en línea (206 páginas): _bmapas, graficas. |
||
| 336 |
_2rdacontent _atexto _btxt |
||
| 337 |
_2rdamedia _acomputadora _bc |
||
| 338 |
_2rdacarrier _arecurso en línea _bcr |
||
| 502 |
_bMCDRR _cCentros Regionales _d2019 _gMAE |
||
| 504 | _aIncluye referencias bibliográficas: páginas 139-146. | ||
| 520 | _aPara determinar si existen aportes o limitantes en la aplicación de políticas públicas con perspectiva de género y derechos humanos en México, el Estado requiere impulsar específicamente para las mujeres propuestas emergentes de desarrollo. El interés de la presente investigación fue generar una evaluación de la eficacia y eficiencia que proyecte los alcances e impactos de la política pública de la experiencia de la Casa de la Mujer Indígena de Pátzcuaro, Michoacán, con indicadores en planeación, seguimiento y asignación presupuestal que identificaron las integrantes, usuarias e informantes clave. A través de una metodología de verificación de programas sociales, el estudio es de carácter cualitativo y cuantitativo, basado en un análisis de cuestionarios, encuestas y entrevistas semiestructuradas; además del trabajo con un grupo focal y la revisión de archivos documentales en el periodo de 2008 a 2018 como parte del proyecto. Se muestra que a través de evaluaciones constantes han logrado continuidad contribuyendo de manera directa al desarrollo de la región a través de las mujeres. La crisis actual del desarrollo por ser visto como propuesta meramente mercantil convoca a la actuación de la población afectada en la actualidad. Si bien es importante el tema de la economía en términos monetarios, el deterioro de la calidad de vida hace temer por un futuro donde se viva una regresión social alarmante. Ante esta situación, el equipo impulsor del modelo de atención requiere plantear alternativas fundamentadas teóricamente y que se apoyen en el análisis de los éxitos y fracasos, por lo que se esboza una propuesta de protocolo en el que participaron también las mujeres atendidas. | ||
| 650 | 4 |
_9170121 _aDesarrollo rural _x Michoacán |
|
| 650 | 4 |
_9149838 _aDerechos humanos _xIndígenas |
|
| 650 | 4 |
_9144452 _aMujeres _xAspectos sociales _xMichoacán |
|
| 650 | 4 |
_9131908 _aMujeres _xDesarrollo económico |
|
| 700 | 1 |
_981982 _aNúñez Vera, Miriam Aidé _eDirector de tesis. |
|
| 856 |
_uhttp://10.13.5.2/tesis/tm/Escobedo_Barajas_Julieta.pdf _zDESCARGAR PDF |
||
| 942 |
_2Clasificación Universidad Autónoma Chapingo _cTD |
||
| 999 |
_c218770 _d218770 |
||